| 000 | 00657nam a2200205Ia 4500 | ||
|---|---|---|---|
| 003 | OSt | ||
| 005 | 20260608095141.0 | ||
| 008 | 210210b1997 xxu||||| |||| 00| 0 eng d | ||
| 040 | _cAL | ||
| 041 | _aKannada | ||
| 082 | _a398.2K SHIH | ||
| 100 |
_aSHIVARAMAYYA. _dಶಿವರಾಮಯ್ಯ _9265468 |
||
| 245 |
_aHarihara - Raghavanka mattu janapada. _bಹರಿಹರ - ರಾಘವಾಂಕ ಮತ್ತು ಜಾನಪದ. |
||
| 260 |
_aBengaluru. _bKarnataka Janapada mattu Yakshagana Akademi., _c1997 |
||
| 300 | _axiii,53 | ||
| 650 |
_aHarihara Raghavanka Janapada _9265469 |
||
| 690 |
_aFolklore _9265470 |
||
| 906 | _a057763 | ||
| 942 |
_2ddc _cBK |
||
| 999 |
_c105412 _d105412 |
||